000 00955 a2200301 4500
999 _c200130190
_d31008
001 200130190
003 TR-AnTOB
005 20250724111854.0
008 130805s2013 tu 000 0
020 _a9786055419561
040 _aTR-AnTOB
_cTR-AnTOB
_beng
_erda
041 _atur
050 0 _aDS51.T7
090 _aDS51.T7
_b.O937 2011
100 1 _aÖzdemir, Yaşar Bedri,
_d1956-
_949124
245 1 0 _aAyasofya :
_bmahrem kemik falı ve lacivert /
_cYaşar Bedri Özdemir.
246 3 0 _aMahrem kemik falı ve lacivert
264 1 _aİstanbul :
_bHeyamola Yayınları,
_c2011.
300 _a111 s. :
_bill. ;
_c20 cm.
336 _2rdacontent
_atext
_btxt
337 _2rdamedia
_aunmediated
_bn
338 _2rdacarrier
_avolume
_bnc
490 0 _aHeyamola yayınları ;
_v258
_aTrabzon'dur yolumuz ;
_v22
651 0 _aTrabzon (Türkiye)
_xGezi ve tanıtım
_992120
651 _aTrabzon (Türkiye)
_xTarih
_989894
942 _cBK
_2lcc